| 000 | 00935nam a22002417a 4500 | ||
|---|---|---|---|
| 999 |
_c65510 _d65510 |
||
| 005 | 20240530110828.0 | ||
| 008 | 190703s1999 ua g b 000 0 ara d | ||
| 017 |
_a99/13472 _bمصر. دار الكتب |
||
| 020 | _a9773220168 | ||
| 040 |
_aEG-CaGPL _cEG-CaGPL |
||
| 082 | 0 | 4 |
_221 _a257.1/ _bن ا |
| 100 | 0 | _aنجاح محسن | |
| 245 | 1 | 2 |
_aالاتجاه السياسي عند ابن حزم الاندلسى / _cتاليف نجاح محسن |
| 260 |
_aالقاهرة : _bعين للدراسات و البحوث الانسانية و الاجتماعية، _c1999. |
||
| 300 |
_a164 ص. ؛ _c24 سم. |
||
| 504 | _aيشتمل على ارجاعات ببليوجرافية | ||
| 600 | 0 | _aابن حزم | |
| 650 | 0 | 7 |
_2qrmak _aالاحوال السياسية |
| 651 | 0 | 7 | _2qrmak |
| 653 | 0 | _aابن حزم الاندلسى - الاتجاه السياسى | |
| 942 |
_2ddc _cBK |
||